[Event "CZECH OPEN  2007 "]
[Site "CEZ arena,  Pardubice  (CZE)"]
[Date "2007.07.28"]
[Round "9"]
[White "Rudolf, Anna"]
[Black "Jurek, Josef"]
[Result "1-0"]
[WhiteElo "2275"]
[BlackElo "2350"]
[PlyCount "129"]
[EventDate "2007.07.20"]

1. e4 e6 2. d4 d5 3. Nc3 Bb4 4. e5 c5 5. a3 Bxc3+ 6. bxc3 Ne7 7. Qg4 O-O 8. Bd3
f5 9. exf6 Rxf6 10. Bg5 Rf7 11. Qh5 g6 12. Qd1 Qa5 13. Nf3 Rxf3 14. gxf3 Qxc3+
15. Kf1 Nbc6 16. dxc5 e5 17. h4 Be6 18. Kg2 Rf8 19. Qe2 Nf5 20. Bd2 Qxc5 21. c3
Qe7 22. Bg5 Qc5 23. Qd2 Nd6 24. Be3 d4 25. Bh6 Rf7 26. cxd4 Nxd4 27. Qg5 Ne8
28. Be4 Ne2 29. Qd8 Qe7 30. Rad1 Nc3 31. Bg5 Qf8 32. Bh6 Qe7 33. Rd3 Nxe4 34.
fxe4 Bg4 35. Qxe7 Rxe7 36. Rd8 Kf7 37. f3 Be6 38. f4 Bc4 39. Rc1 b5 40. Bg5 Rc7
41. fxe5 Ng7 42. Rcd1 Be2 43. R1d7+ Rxd7 44. Rxd7+ Kg8 45. Rxa7 Ne6 46. Bh6 Bc4
47. Kf3 Nd4+ 48. Ke3 Ne6 49. Re7 Bb3 50. Kd3 Bc4+ 51. Kc3 Ba2 52. Kb4 Bc4 53.
a4 Nd4 54. Rg7+ Kh8 55. Rc7 Kg8 56. axb5 Bxb5 57. Rc8+ Kf7 58. Kc5 Nc6 59. Rc7+
Ke6 60. Kxb5 Nxe5 61. Rxh7 Nf3 62. Bf4 Kf6 63. Kc5 Ne1 64. Kd5 Nd3 65. Bg5# 1-0

[Event "CZECH OPEN  2007 "]
[Site "CEZ arena,  Pardubice  (CZE)"]
[Date "2007.07.28"]
[Round "9"]
[White "Chetverik, Maxim"]
[Black "Korinek, Ondrej"]
[Result "1/2-1/2"]
[WhiteElo "2347"]
[BlackElo "2247"]
[PlyCount "85"]
[EventDate "2007.07.20"]

1. d4 Nf6 2. c4 g6 3. Nf3 Bg7 4. g3 d5 5. cxd5 Nxd5 6. Bg2 Nb6 7. Nc3 Nc6 8. e3
e5 9. d5 Ne7 10. e4 Bg4 11. a4 c6 12. a5 Nbc8 13. a6 b6 14. O-O cxd5 15. exd5
O-O 16. Qa4 Bxf3 17. Bxf3 Nd6 18. Bg2 f5 19. Re1 Rc8 20. Qb3 Kh8 21. Ra4 Qd7
22. Na2 Nb5 23. Bg5 Rfe8 24. Bf1 Nd6 25. Nb4 Ne4 26. Bxe7 Qxe7 27. Nc6 Qf7 28.
Qd1 Nd6 29. b4 Rc7 30. b5 Rd7 31. Ra3 e4 32. f3 exf3 33. Rxe8+ Qxe8 34. Qxf3
Ne4 35. Re3 Qf7 36. Qf4 Qf8 37. Kg2 Bh6 38. Qb8 Kg8 39. Qe5 Bg7 40. Qe6+ Qf7
41. Nb8 Rd8 42. Nc6 Rd7 43. Nb8 1/2-1/2

[Event "CZECH OPEN  2007 "]
[Site "CEZ arena,  Pardubice  (CZE)"]
[Date "2007.07.28"]
[Round "9"]
[White "Rehorek, Martin"]
[Black "Kolesar, Milan"]
[Result "1-0"]
[WhiteElo "2346"]
[BlackElo "2238"]
[PlyCount "107"]
[EventDate "2007.07.20"]

1. e4 c5 2. Nf3 d6 3. d4 cxd4 4. Nxd4 Nf6 5. Nc3 Nc6 6. Be2 g6 7. Be3 Bg7 8.
Nb3 O-O 9. f4 Be6 10. O-O Rc8 11. f5 Bd7 12. Kh1 Ne5 13. Qe1 Nc4 14. Bc1 b5 15.
Bd3 b4 16. Nd1 a5 17. c3 Qb6 18. cxb4 axb4 19. Qe2 Ne5 20. Be3 Qb8 21. Ba6 Rce8
22. Bd4 d5 23. exd5 Neg4 24. Bg1 Bxf5 25. Bc4 Qd6 26. Nd4 Bd7 27. Nb5 Qb8 28.
a4 Nh5 29. Ne3 Ne5 30. Bb3 Rc8 31. Nd4 Kh8 32. Rad1 Qb7 33. Nf3 Nf4 34. Qd2
Nfd3 35. Nxe5 Nxe5 36. Rf4 Rb8 37. Nc4 Ng4 38. Qe2 Nf6 39. Ne5 Bf5 40. Nc6 Rbe8
41. Rxb4 Qc7 42. Rc4 e5 43. Bc5 e4 44. Bxf8 Bxf8 45. Nd4 Qe5 46. Nxf5 Qxf5 47.
d6 h5 48. Rc7 Ng4 49. Rxf7 Qe5 50. g3 e3 51. d7 Qe4+ 52. Qf3 Nf2+ 53. Kg2 Rd8
54. Qxe4 1-0

[Event "CZECH OPEN  2007 "]
[Site "CEZ arena,  Pardubice  (CZE)"]
[Date "2007.07.28"]
[Round "9"]
[White "Polschikov, Alexey"]
[Black "Lavrov, Maxim"]
[Result "1/2-1/2"]
[WhiteElo "2270"]
[BlackElo "2345"]
[PlyCount "53"]
[EventDate "2007.07.20"]

1. e4 e5 2. Nf3 Nc6 3. Bb5 a6 4. Ba4 Nf6 5. O-O Be7 6. Re1 b5 7. Bb3 O-O 8. h3
Bb7 9. d3 d6 10. a3 Na5 11. Ba2 c5 12. Nbd2 Bc8 13. c3 Nc6 14. Nf1 Be6 15. Bxe6
fxe6 16. a4 Qd7 17. Ng3 Kh8 18. Bg5 h6 19. Bc1 Kh7 20. Qe2 Rfb8 21. h4 Qe8 22.
h5 Nd7 23. Nh2 Na5 24. axb5 axb5 25. Rf1 Nb3 26. Rxa8 Nxc1 27. Rxc1 1/2-1/2

[Event "CZECH OPEN  2007 "]
[Site "CEZ arena,  Pardubice  (CZE)"]
[Date "2007.07.28"]
[Round "9"]
[White "Granovski, Aleksandr"]
[Black "Nilsson, Sebastian"]
[Result "1-0"]
[WhiteElo "2341"]
[BlackElo "2227"]
[PlyCount "47"]
[EventDate "2007.07.20"]

1. e4 e6 2. Nf3 d5 3. Nc3 Nf6 4. e5 Nfd7 5. d4 c5 6. dxc5 Bxc5 7. Bd3 Nc6 8.
Bf4 f6 9. exf6 Qxf6 10. Bg3 O-O 11. O-O Nde5 12. Nxe5 Nxe5 13. Bxh7+ Kxh7 14.
Qh5+ Kg8 15. Qxe5 Qg6 16. Nxd5 Rf5 17. Nf4 Rxe5 18. Nxg6 Re2 19. Rac1 Bd4 20.
Nf4 Rd2 21. Nd3 e5 22. Bxe5 Rxd3 23. cxd3 Bxe5 24. Rfe1 1-0

[Event "CZECH OPEN  2007 "]
[Site "CEZ arena,  Pardubice  (CZE)"]
[Date "2007.07.28"]
[Round "9"]
[White "Gergel, Vladimir"]
[Black "Stajner, Samo"]
[Result "1-0"]
[WhiteElo "2335"]
[BlackElo "2223"]
[PlyCount "109"]
[EventDate "2007.07.20"]

1. e4 c5 2. Nc3 Nc6 3. g3 g6 4. Bg2 Bg7 5. d3 d6 6. Be3 e6 7. Qd2 Rb8 8. h4 h5
9. Nh3 Nge7 10. O-O b5 11. Nd1 b4 12. c3 Qa5 13. c4 Nd4 14. Bxd4 Bxd4 15. Kh2
Qc7 16. f4 O-O 17. Ng5 Bg7 18. Ne3 b3 19. a3 Re8 20. Rf2 Bd4 21. Nf3 Bg7 22.
Raf1 Bd7 23. Ng5 f6 24. Nh3 f5 25. Ng5 Bd4 26. Re2 Nc6 27. Nd1 Bf6 28. Nf3 Nd4
29. Nxd4 Bxd4 30. Nf2 Bc6 31. Nh3 Qb7 32. Rfe1 Qa8 33. Ng5 Bf6 34. Nh3 Bd4 35.
Ng1 Bxg1+ 36. Kxg1 Kf7 37. d4 fxe4 38. Bxe4 Bxe4 39. Rxe4 d5 40. Re5 Rbd8 41.
f5 exf5 42. Qh6 Rxe5 43. Qh7+ Kf6 44. dxe5+ Ke6 45. Qxg6+ Kd7 46. e6+ Kc7 47.
e7 Re8 48. cxd5 Qxd5 49. Qxe8 Qd4+ 50. Kf1 Qd3+ 51. Kf2 Qd4+ 52. Re3 Qd2+ 53.
Re2 Qd4+ 54. Kg2 Qd5+ 55. Kh2 1-0

[Event "CZECH OPEN  2007 "]
[Site "CEZ arena,  Pardubice  (CZE)"]
[Date "2007.07.28"]
[Round "9"]
[White "Stanetzek, Carsten"]
[Black "Malinovsky-Jun., Karel"]
[Result "0-1"]
[WhiteElo "2260"]
[BlackElo "2334"]
[PlyCount "110"]
[EventDate "2007.07.20"]

1. e4 c5 2. Nf3 Nc6 3. d4 cxd4 4. Nxd4 g6 5. c4 Bg7 6. Be3 Nf6 7. Nc3 d6 8. Be2
O-O 9. O-O Nxd4 10. Bxd4 Bd7 11. Qd3 Bc6 12. Rad1 a5 13. f4 Nd7 14. Bxg7 Kxg7
15. Qd4+ Kg8 16. Bg4 Nf6 17. Bh3 Qc7 18. Rd3 Rad8 19. f5 a4 20. fxg6 hxg6 21.
Nd5 Bxd5 22. exd5 Qc5 23. Qxc5 dxc5 24. Re3 Rfe8 25. Rfe1 Kf8 26. g3 Rd6 27.
Ra3 Ra8 28. Kf2 Rb6 29. b3 Rba6 30. Kf3 axb3 31. Rxa6 Rxa6 32. axb3 Ne8 33. Bd7
Nd6 34. h4 f6 35. g4 Nf7 36. Bc8 Ra8 37. Be6 Ne5+ 38. Ke4 Ra3 39. Re3 Ra2 40.
g5 Rd2 41. gxf6 exf6 42. Kf4 Ke7 43. Rh3 Kd6 44. Ke3 Rb2 45. Kf4 b6 46. Ke4 Rd2
47. Kf4 Rd4+ 48. Ke3 f5 49. Ke2 f4 50. h5 gxh5 51. Rxh5 f3+ 52. Kf2 Rd2+ 53.
Ke1 Re2+ 54. Kd1 Nd3 55. Bh3 Nf2+ 0-1

[Event "CZECH OPEN  2007 "]
[Site "CEZ arena,  Pardubice  (CZE)"]
[Date "2007.07.28"]
[Round "9"]
[White "Schneider, Igor"]
[Black "Tvarijonas, Povilas"]
[Result "1/2-1/2"]
[WhiteElo "2332"]
[BlackElo "2223"]
[PlyCount "76"]
[EventDate "2007.07.20"]

1. e4 c5 2. Nf3 d6 3. d4 cxd4 4. Nxd4 Nf6 5. Nc3 g6 6. Be3 Bg7 7. f3 O-O 8. Qd2
Nc6 9. Bc4 Bd7 10. O-O-O Rc8 11. Bb3 Ne5 12. Kb1 a5 13. a4 Nc4 14. Bxc4 Rxc4
15. b3 Rb4 16. g4 b5 17. Ndxb5 Bxb5 18. Nxb5 Nd7 19. Qe2 Ne5 20. Bd2 Rxb5 21.
Qxb5 Nxf3 22. Bxa5 Qa8 23. Qd5 Qa7 24. Bb4 Rb8 25. Ba3 Qxa4 26. Bb2 Qa7 27.
Bxg7 Kxg7 28. Kb2 Ne5 29. g5 Rb4 30. Ra1 Qb6 31. Rhe1 Rd4 32. Qa8 Rd2 33. Kb1
Qf2 34. Rc1 Nd3 35. Qd8 Qd4 36. Ra2 Qc3 37. Qxe7 Nxc1 38. e5 Nxa2 1/2-1/2

[Event "CZECH OPEN  2007 "]
[Site "CEZ arena,  Pardubice  (CZE)"]
[Date "2007.07.28"]
[Round "9"]
[White "Zickus, Simonas"]
[Black "Pileckis, Emilis"]
[Result "0-1"]
[WhiteElo "2223"]
[BlackElo "2326"]
[PlyCount "88"]
[EventDate "2007.07.20"]

1. Nf3 Nf6 2. c4 e6 3. g3 b6 4. Bg2 Bb7 5. O-O c5 6. d4 cxd4 7. Qxd4 d6 8. Nc3
Be7 9. e4 O-O 10. Rd1 a6 11. Qe3 Qc7 12. b3 Nbd7 13. Bb2 Rfe8 14. Rac1 Rac8 15.
Nd4 Bf8 16. Qd2 Qb8 17. Nc2 Ba8 18. Nd4 Bb7 19. Nc2 Qa8 20. f3 Qb8 21. Kh1 Ba8
22. g4 h6 23. g5 hxg5 24. Qxg5 Rc5 25. Qg3 Nh5 26. Qf2 Rg5 27. Ne3 Rg6 28. Ne2
Rh6 29. Rg1 d5 30. Ng4 Rh7 31. e5 Bc5 32. Bd4 Nxe5 33. Nxe5 Qxe5 34. Bxe5 Bxf2
35. Rgf1 Bc5 36. f4 f6 37. Bb2 Kf7 38. a3 d4 39. Bxa8 d3 40. Bf3 Reh8 41. Kg2
Ng3 42. Bg4 Nxf1 43. Rxf1 Rxh2+ 44. Kg3 dxe2 0-1

[Event "CZECH OPEN  2007 "]
[Site "CEZ arena,  Pardubice  (CZE)"]
[Date "2007.07.28"]
[Round "9"]
[White "Michielsen, Joost"]
[Black "Saeed, Ishaq"]
[Result "1-0"]
[WhiteElo "2314"]
[BlackElo "2167"]
[PlyCount "75"]
[EventDate "2007.07.20"]

1. e4 c6 2. d4 d5 3. e5 Bf5 4. Nf3 e6 5. Be2 c5 6. Be3 cxd4 7. Nxd4 Ne7 8. Bg5
Qd7 9. O-O Nbc6 10. Bxe7 Bxe7 11. Nxf5 exf5 12. Re1 Nxe5 13. Qd4 Bf6 14. Bf1
O-O 15. Rxe5 Qc7 16. f4 Rae8 17. Nc3 Rxe5 18. fxe5 Bxe5 19. Qf2 Bxh2+ 20. Kh1
Re8 21. Nxd5 Qe5 22. Qe3 Qb8 23. Ne7+ Kf8 24. Qh3 Rxe7 25. Qxh2 Qxh2+ 26. Kxh2
g6 27. c4 Kg7 28. b4 g5 29. c5 h5 30. Rd1 Kf6 31. b5 Rc7 32. Rd5 Ke6 33. Bc4 f6
34. a4 h4 35. a5 g4 36. Bb3 Rh7 37. c6 bxc6 38. bxc6 1-0

[Event "CZECH OPEN  2007 "]
[Site "CEZ arena,  Pardubice  (CZE)"]
[Date "2007.07.28"]
[Round "9"]
[White "Rafiee, Makan"]
[Black "Freisler, Pavel"]
[Result "1-0"]
[WhiteElo "2058"]
[BlackElo "2313"]
[PlyCount "79"]
[EventDate "2007.07.20"]

1. e4 Nf6 2. e5 Nd5 3. d4 d6 4. c4 Nb6 5. exd6 exd6 6. Nc3 Be7 7. h3 O-O 8. Bd3
Bf6 9. Nf3 Nc6 10. Ne2 d5 11. c5 Nd7 12. O-O b6 13. cxb6 axb6 14. Bxh7+ Kxh7
15. Qc2+ Kg8 16. Qxc6 Ba6 17. Qc2 c5 18. Be3 Rc8 19. Qd2 cxd4 20. Bxd4 Nc5 21.
Rfc1 Re8 22. Bxf6 Qxf6 23. Ned4 Nd3 24. Rxc8 Rxc8 25. b3 Re8 26. Qg5 Qxg5 27.
Nxg5 Re5 28. Ngf3 Re4 29. a4 Nf4 30. a5 bxa5 31. Rxa5 Bc8 32. Ra8 Re8 33. b4
Kf8 34. b5 Ne6 35. Nxe6+ fxe6 36. Ne5 Ke7 37. b6 Bb7 38. Ra7 Kd6 39. Nf7+ Kc6
40. Rxb7 1-0

[Event "CZECH OPEN  2007 "]
[Site "CEZ arena,  Pardubice  (CZE)"]
[Date "2007.07.28"]
[Round "9"]
[White "Srba, Milan"]
[Black "Plischki, Sebastian"]
[Result "0-1"]
[WhiteElo "2237"]
[BlackElo "2397"]
[PlyCount "44"]
[EventDate "2007.07.20"]

1. e4 c5 2. Nf3 d6 3. d4 cxd4 4. Nxd4 Nf6 5. Nc3 a6 6. Bg5 e6 7. Bd3 Be7 8. Qf3
Qc7 9. O-O O-O 10. Rae1 Nbd7 11. Qh3 b5 12. a3 Rb8 13. Kh1 b4 14. axb4 Rxb4 15.
Nb3 Ne5 16. f4 Nxd3 17. Qxd3 Bb7 18. Rf3 Rd8 19. Rh3 a5 20. Bxf6 Bxf6 21. Nd5
exd5 22. e5 Re4 0-1

[Event "CZECH OPEN  2007 "]
[Site "CEZ arena,  Pardubice  (CZE)"]
[Date "2007.07.28"]
[Round "9"]
[White "Lehmann, Holger"]
[Black "Reutsky, Sergei"]
[Result "0-1"]
[WhiteElo "2239"]
[BlackElo "2360"]
[PlyCount "42"]
[EventDate "2007.07.20"]

1. e4 e6 2. d4 d5 3. Nc3 Bb4 4. Bd2 dxe4 5. Qg4 Qxd4 6. O-O-O f5 7. Qg3 Bd6 8.
Bf4 Bxf4+ 9. Qxf4 Qc5 10. f3 Nf6 11. fxe4 e5 12. Qg5 O-O 13. exf5 Nc6 14. g4
Nd4 15. Bg2 Bd7 16. h3 Ba4 17. Rd2 Bc6 18. Qh4 b5 19. Kb1 Ne4 20. Qe1 Nxd2+ 21.
Qxd2 Rad8 0-1

[Event "CZECH OPEN  2007 "]
[Site "CEZ arena,  Pardubice  (CZE)"]
[Date "2007.07.28"]
[Round "9"]
[White "Skliba, Martin"]
[Black "Korotkevych, Stanislav"]
[Result "1-0"]
[WhiteElo "2236"]
[BlackElo "2349"]
[PlyCount "75"]
[EventDate "2007.07.20"]

1. d4 Nf6 2. Nf3 e6 3. c4 d5 4. Nc3 dxc4 5. e4 Bb4 6. Bg5 c5 7. Bxc4 cxd4 8.
Nxd4 Bxc3+ 9. bxc3 Qa5 10. Bxf6 Qxc3+ 11. Kf1 Qxc4+ 12. Kg1 O-O 13. Qg4 g6 14.
Qf4 Nd7 15. e5 Nxf6 16. exf6 Kh8 17. Rc1 e5 18. Qh6 Qxc1+ 19. Qxc1 exd4 20. h4
Be6 21. f4 d3 22. h5 Rg8 23. hxg6 Rxg6 24. Qd1 Rc8 25. Qxd3 Rc1+ 26. Kh2 Rxh1+
27. Kxh1 Bxa2 28. Kh2 a6 29. Qd8+ Rg8 30. Qb6 Bd5 31. g4 Ra8 32. Qc5 Ba2 33.
Qc2 Be6 34. f5 Bd5 35. Qc5 Rd8 36. g5 b5 37. g6 Kg8 38. Qe3 1-0